000 00543nam a2200169Ia 4500
999 _c35934
_d35934
003 OSt
005 20201214114657.0
008 190216s9999||||xx |||||||||||||| ||und||
040 _coclc
082 _a582.095482
_bMAT/F
100 _aMathew, K M
_97439
245 0 _aFurther Illustrations On The Flora Of The Tamilnadu Carnatic /
_cK M Mathew
260 _bThe Rapinat Herbarium,
_c1988.
_aTiruchirapalli:
300 _a909p
650 _aGeneral Collections
942 _cREF
_2ddc
_h582.095482
_iMAT/F
_k582.095482
_mMAT/F